000 01441cam a2200409 a 4500
001 13022238
003 OSt
005 20150518153453.0
008 021206s2004 maua 001 0 eng
010 _a 2002044887
020 _a0071237321
040 _aDLC
_cDLC
_dDLC
050 0 0 _aQD 253.2
_b.D411 2004
082 0 0 _aM 540
_bD28 2004
100 1 _aDenniston, K. J.
_q(Katherine J.)
245 1 0 _aGeneral, organic, and biochemistry /
_cKatherine J. Denniston, Joseph J. Topping, Robert L. Caret.
250 _a4th ed.
260 _aBoston :
_bMcGraw-Hill Higher Education;
_c2004
300 _axxxi, 880 pages :
_billustrations ;
_c24 cm.
500 _aIncludes index.
521 _aNursing
526 _c1210L to 1700L
562 _e4
650 0 _aChemistry, Organic.
650 0 _aBiochemistry.
700 1 _aTopping, Joseph J.
700 1 _aCaret, Robert L.,
_d1947-
856 4 2 _3Publisher description
_uhttp://www.loc.gov/catdir/description/mh031/2002044887.html
856 4 1 _3Table of contents
_uhttp://www.loc.gov/catdir/toc/mh031/2002044887.html
906 _a7
_bcbc
_corignew
_d1
_eocip
_f20
_gy-gencatlg
942 _2lcc
_cBK
_kFOR
999 _c284012
_d284012